000 01016nam a2200313 4500
999 _c23238
_d23238
001 vtls011744538
005 20220428104049.0
008 180305s2018 xo e 000 f slo c
020 _a9788055158617
_q(viazené)
040 _aTTKJF
_bslo
_dTTKJF
_erda
_csk
041 1 _aslo
_heng
044 _axo
_cSK
072 7 _a821.111(73)-3
_xAmerická próza
_2konspekt
080 _a821.111(73)-31
_22011
080 _a(0:82-312.4)
_22011
100 1 _aFinn, A. J.,
_d1979-
_4aut
_93059
240 1 4 _aThe woman in the Window
_lSlovensky
245 1 0 _aŽena v okne
_cA. J. Finn ; preložil Matúš Kyčina
264 1 _aBratislava
_bIkar
_c2018
300 _a485 strán
_c21 cm
336 _atext
_btxt
_2rdacontent
337 _abez média
_bn
_2rdamedia
338 _azväzok
_bnc
_2rdacarrier
655 7 _aamerické romány
_2SNKPH
_92
655 7 _atrilery (romány)
_2SNKPH
_92135
655 7 _aAmerican fiction
_2SNKPHeng
_93
655 7 _aThrillers (novels)
_2SNKPHeng
_91722
700 1 _aKyčina, Matúš
_4trl
_91719